| 000 | 00367cam a22001337a 4500 | ||
|---|---|---|---|
| 008 | 180718b1965 xxu||||| |||| 00| 0 eng d | ||
| 082 | _aF5x6 Sci68 | ||
| 100 | _aScipio | ||
| 245 |
_aEmergent Africa _cby Scipio |
||
| 260 |
_aLondon _bChatto & Windus _c1965 |
||
| 300 | _a191p | ||
| 650 | _aAfrica, Sub-Saharan | ||
| 650 | _aAfrica, Sub-Saharan --Politics and government | ||
| 999 |
_c426155 _d426155 |
||